|
|
|
|
| LEADER |
00000nam a2200000 4500 |
| 001 |
vtls008859532 |
| 003 |
SK-MaSNL |
| 005 |
20260302022818.0 |
| 008 |
031216s1513 it ab f 00101 lat |
| 015 |
|
|
|a SNBHFA
|
| 035 |
|
|
|a cpl000120301
|
| 040 |
|
|
|a SNKHF
|b slo
|c SNKHF
|e rda
|
| 041 |
0 |
|
|a lat
|
| 044 |
|
|
|a it
|c IT
|
| 072 |
|
7 |
|a 82
|x Literatúra. Literárny život
|2 konspekt
|
| 072 |
|
7 |
|a 82-9
|x Literárna kritika, vecná literatúra a rôzne ďalšie žánre
|2 konspekt
|
| 080 |
|
|
|a 82
|2 2011
|
| 080 |
|
|
|a (049)
|2 2011
|
| 080 |
|
|
|a 82-96
|2 2011
|
| 080 |
|
|
|a 030
|2 2011
|
| 100 |
1 |
|
|a Macrobius, Ambrosius Aurelius Theodosius
|4 aut
|9 72428
|
| 245 |
1 |
|
|a En tibi lector candidisssime
|b Macrobius: qui antea mancus: mutilus: ac lacer circuferebatur: nuc primu integer: nitidus et, suo nitori restitutus in quo graecae maiestatis dignitas quo ad eius fieri potuit superstes reperit. Joannes riuius recesuit
|
| 264 |
|
3 |
|a q diligentissime nũc primum impressi Venetiis
|b per Augustinum de Zannis de Portesio ad instãtiã Do. Lucam Antonium de Quinta
|c Anno Dñi MDXIII (1513)
|
| 300 |
|
|
|a 4 nečíslované listy, CXXII, 122 listov
|c 32 cm
|
| 336 |
|
|
|a text
|b txt
|2 rdacontent
|
| 337 |
|
|
|a bez média
|b n
|2 rdamedia
|
| 338 |
|
|
|a zväzok
|b nc
|2 rdacontent
|
| 500 |
|
|
|a Titulný list s červenou tlačou, signet, ozdobné iniciálky s ornamentálnym pozadím v rámčeku na 3 riadky, s figurálnym pozadím v rámčeku na 5, 9 a 10 riadkov, foliácia rímskymi číslicami, drevorezy, mapy, nákresy, rubriky
|
| 501 |
|
|
|a Príväzok 1. k: GELLIUS, Aulus. Avli Gelli Noctivm Atticarvm Libri Vndeviginti. - Argentinae : in Aedibus Ioannis Knoblouchi. Mense Martio, Ductu Matthiae Shurerij, Anno MDXVII (1517).
|5 SNK IB 37377
|
| 504 |
|
|
|a Tlačené marginálie, register
|
| 510 |
4 |
|
|a BMC
|c 16/485/821
|
| 546 |
|
|
|a Latinský text
|b Antikva
|
| 562 |
|
|
|a Rukopisné poznámky v latinčine.
|5 SNK IB 37377/prív.1
|
| 650 |
0 |
7 |
|a literatúra
|2 SNKPH
|9 1427
|
| 650 |
0 |
7 |
|a odborná literatúra
|2 SNKPH
|9 63941
|
| 650 |
0 |
7 |
|a encyklopédie
|2 SNKPH
|9 81740
|
| 655 |
|
7 |
|a rozpravy
|2 SNKPH
|9 70559
|
| 700 |
1 |
|
|a Rivio, Giovanni
|4 com
|9 668785
|
| 700 |
1 |
|
|a Zani, Agostino
|4 prt
|9 444842
|
| 700 |
1 |
|
|a Giunta, Luca Antonio,
|c starší,
|d 1457-1538
|4 prt
|9 127914
|
| 752 |
|
|
|a Taliansko
|d Benátky
|
| 852 |
|
|
|a snk
|b Historické fondy
|p IB 37377/prív.1
|
| 958 |
|
|
|a ONDV
|
| 958 |
|
|
|a DA
|
| 999 |
|
|
|c 1034193
|d 1036123
|
| 952 |
|
|
|t Tlače 16. storočia
|a SNK
|b SNK
|c SNK_HF
|y PREZ
|7 0
|p 17A1485797
|o snkIB 37377/prív.1
|i snkF 313/78
|8 5
|0 0
|1 0
|4 0
|d 2023-05-30
|l 0
|r 2026-02-24 14:04:19
|w 2026-02-24
|